Szczegóły MARC21

Bankowość : podręcznik dla studentów /

003 -Nazwa inst., której nr kontr. jest w polu 001 [,]
    • @
    • Nazwa instytucji, której n kontrolny jest w polu 001
    • NUKAT
005 -DATA I CZAS OSTATNIEJ MODYFIKACJI [,]
    • @
    • pole kontrolne
    • 20260429173510.0
020 -Międzynarod. znormalizowany nr książki - ISBN [ , ]
    • a
    • Numer ISBN
    • 8388048120 Find
    • q
    • Dopowiedzenie
    • oprawa twarda
020 -Międzynarod. znormalizowany nr książki - ISBN [ , ]
    • a
    • Numer ISBN
    • 838804818X Find
    • q
    • Dopowiedzenie
    • oprawa miękka
040 -Instytucja sporządzająca opis [ , ]
    • a
    • Instytucja, która sporządziła opis (NP)
    • TOR U/AP
    • c
    • Instytucja, która sporządziła rekord (NP)
    • TOR U/AP
    • d
    • Instytucja, która zmodyfikowała rekord (P)
    • TOR U/AP
    • d
    • Instytucja, która zmodyfikowała rekord (P)
    • TOR U/GPs
    • d
    • Instytucja, która zmodyfikowała rekord (P)
    • GL 001/ER
942 -Rodzaj dokumentu [ , ]
    • c
    • Rodzaj dokumentu
    • Książka
245 -Strefa tytułu i oznaczenia odpowiedzialności [0,0]
    • a
    • Tytuł
    • Bankowość : Find
    • b
    • Ciąg dalszy tytułu (NP)
    • podręcznik dla studentów / Find
    • c
    • Pozostałe elementy strefy tytułu i oznaczenia odpowiedzialności (NP)
    • pod red. Jana Głuchowskiego, Jana Szambelańczyka ; [aut. Danuta Dziawgo et al.].
260 -Strefa adresu wydawniczego [ , ]
    • a
    • Miejsce wydania (P)
    • Poznań :
    • b
    • Nazwa wydawcy (P)
    • Wydaw. Wyższej Szkoły Bankowej,
    • c
    • Data wydania (P)
    • 1999.
300 -Strefa opisu fizycznego [ , ]
    • a
    • Określenie formy książki i/lub objętość (NP)
    • 460, [1] s. ;
    • c
    • Format (NP)
    • 25 cm.
336 -Typ zawartości [ , ]
    • a
    • Termin opisujący typ zawartości
    • Tekst
    • b
    • Kod określający zawartość
    • txt
    • 2
    • Źródło (terminu i kodu)
    • rdacontent
337 -Typ mediów [ , ]
    • a
    • Tryb odtwarzania
    • Bez urządzenia pośredniczącego
    • b
    • Kod typu mediów
    • n
    • 2
    • Źródło (terminu i kodu)
    • rdamedia
338 -Typ/rodzaj nośnika [ , ]
    • a
    • Hasło opisujące typ nośnika
    • Wolumin
    • b
    • Kod typu nośnika
    • nc
    • 2
    • Źródło (terminu i kodu)
    • rdacarrier
380 -Deskryptor - Forma dzieła (P) [ , ]
    • a
    • forma dzieła (NP)
    • Książki
380 -Deskryptor - Forma dzieła (P) [ , ]
    • a
    • forma dzieła (NP)
    • Publikacje dydaktyczne
380 -Deskryptor - Forma dzieła (P) [ , ]
    • a
    • forma dzieła (NP)
    • Publikacje naukowe
385 -Deskryptor - grupa odbiorców (P) [ , ]
    • m
    • wyrażenie wprowadzające (NP)
    • Poziom nauczania
    • a
    • termin określający odbiorcę (P)
    • Szkoły wyższe
385 -Deskryptor - grupa odbiorców (P) [ , ]
    • a
    • termin określający odbiorcę (P)
    • Szkoły wyższe
080 -Uniwersalna Klasyfikacja Dziesiętna [ , ]
    • a
    • Symbol klasyfikacji
    • 336.7(075.8)
650 -Hasło przedmiotowe [ ,7]
    • a
    • Hasło przedmiotowe
    • Banki
    • 2
    • Źródło terminu
    • DBN
    • 9
    • KHW
    • 726594
650 -Hasło przedmiotowe [ ,7]
    • a
    • Hasło przedmiotowe
    • Zarządzanie bankiem
    • v
    • Określnik formalny
    • podręczniki akademickie.
    • 2
    • Źródło terminu
    • kaba
    • 9
    • KHW
    • 368991
650 -Hasło przedmiotowe [ ,7]
    • a
    • Hasło przedmiotowe
    • Banki
    • x
    • Określnik rzeczowy
    • finanse
    • v
    • Określnik formalny
    • podręczniki akademickie.
    • 2
    • Źródło terminu
    • kaba
    • 9
    • KHW
    • 349771
650 -Hasło przedmiotowe [ ,7]
    • a
    • Hasło przedmiotowe
    • Marketing bankowy
    • v
    • Określnik formalny
    • podręczniki akademickie.
    • 2
    • Źródło terminu
    • kaba
    • 9
    • KHW
    • 368990
650 -Hasło przedmiotowe [ ,7]
    • a
    • Hasło przedmiotowe
    • Banki
    • z
    • Określnik geograficzny
    • Polska
    • v
    • Określnik formalny
    • podręczniki akademickie.
    • 2
    • Źródło terminu
    • kaba
    • 9
    • KHW
    • 353726
655 -Hasło w funkcji tematu formalnego [ ,7]
    • a
    • Hasło
    • Podręcznik
    • 2
    • Źródło terminu
    • DBN
    • 9
    • KHW
    • 720960
980 -Symbol UKD [ , ]
    • a
    • UKD
    • 336.7(075.8)
700 -Hasło dodatkowe - nazwa osobowa [1, ]
    • a
    • Nazwa osobowa (NP)
    • Głuchowski, Jan Find
    • d
    • Daty biograficzne (NP)
    • (1940- ).
    • e
    • Określenie rodzaju współpracy
    • Red.
    • 9
    • KHW
    • 54383
700 -Hasło dodatkowe - nazwa osobowa [1, ]
    • a
    • Nazwa osobowa (NP)
    • Szambelańczyk, Jan Find
    • d
    • Daty biograficzne (NP)
    • (1952- ).
    • e
    • Określenie rodzaju współpracy
    • Red.
    • 9
    • KHW
    • 1226
700 -Hasło dodatkowe - nazwa osobowa [1, ]
    • a
    • Nazwa osobowa (NP)
    • Dziawgo, Danuta Find
    • d
    • Daty biograficzne (NP)
    • (1969- ).
    • 9
    • KHW
    • 19918
710 -Hasło dodatkowe - nazwa ciała zbiorowego [2, ]
    • a
    • Nazwa ciała zbiorowego lub nazwa geograficzna jako pierwszy element (NP)
    • Wyższa Szkoła Bankowa (Poznań).
    • b
    • Nazwa jednostki podrzędnej (P)
    • Wydawnictwo.
    • 4
    • Kod relacji
    • pbl
    • 9
    • KHW
    • 65606
920 -ISBN [ , ]
    • a
    • ISBN
    • 83-88048-12-0 Find
    • q
    • Dopowiedzenie
    • oprawa twarda
920 -ISBN [ , ]
    • a
    • ISBN
    • 83-88048-18-X Find
    • q
    • Dopowiedzenie
    • oprawa miękka
Data inwentaryzacji Lokalizacja Sygnatura Numer inwentarzowy Status udost.
2000-05-04BE E.66693-2
2000-05-04BE S.857812
2000-05-04BE S.857822
2000-05-04BE S.857832
2000-05-04BE S.857842
2000-05-04BE S.857852
2000-05-04BE S.85786-3
2000-05-04BE S.85787-6
2000-05-04BE S.85788-6
2000-05-04BE S.85789-6
2000-05-04BE S.85790-6
2001-11-21BE S.88651-3
2001-11-21BE S.88652-3
2001-11-21BE S.88653-3
2001-11-21BE S.88654-3
2001-11-21BE S.88655-3
2006-06-30BE S.92467-2
2000-04-19TT.2359T.2359-3
2000-04-19TT.2360T.2360-3
2000-04-19TT.2361T.2361-3
2000-04-19TT.2362T.2362-3
2000-04-19TT.2363T.2363-3
2000-04-19TT.2364T.2364-3
2000-04-19TT.2365T.2365-3
2000-04-19TT.2366T.2366-3
2000-04-19TT.2367T.2367-3
2000-04-19TT.2368T.2368-3
2000-04-19TT.2369T.2369-3
2001-03-16TT.4619T.4619-3
2001-03-16TT.4620T.4620-3
2001-03-16TT.4622T.4622-3
2001-03-16TT.4623T.4623-3
2001-03-16TT.4624T.4624-3
2001-03-16TT.4625T.4625-3
2001-03-16TT.4626T.4626-2
2001-03-16TT.4627T.4627-3
2001-03-16TT.4628T.4628-3
2001-03-16TT.4629T.4629-3
2001-03-16TT.4630T.4630-3
2001-03-16TT.4631T.4631-3
2001-03-16TT.4632T.4632-3
2002-03-04TT.6501T.6501-3
2002-03-04TT.6502T.6502-3
2002-03-04TT.6503T.6503-3
2002-03-04TT.6504T.6504-3
2002-03-04TT.6505T.6505-2
2017-12-05T TM.13624-2
2001-03-16TT.4621T.4621-6
2001-03-16TT.4633T.4633-6